Top 5 Lig Europejskich - Statystyki

Ogólne statystyki
  • Ten quiz został rozwiązany 284 razy
  • Średni wynik to 4 z 5
Statystyki odpowiedzi
Nazwa Ligi % Poprawnych
La Liga
94%
Bundesliga
93%
Premier League
80%
Serie A
80%
Ligue 1
74%
Nie znaleziono quizów pasujących do podanych kryteriów
Rozkład punktacji
Procent ludzi z każdym wynikiem
Percentyl według liczby udzielonych odpowiedzi
Twoja historia wyników
Nie rozwiązałeś tego quizu